Warhammeur Drapeaux des villes Nains du Karaz Ankor - Statistiques

Statistiques générales
  • Ce quiz a été pris 7 fois
  • Le résultat moyen est 6 sur 10
Statistiques - réponses
Par images Réponse % Correct
Karak Azul
100%
Karak Kadrin
86%
Karak Ziflin
86%
Barak Varr
71%
Karak Norn
71%
Karak Hirn
57%
Zhufbar
57%
Karak Izor
43%
Karaz-a-Karak
43%
Karak aux Huit Pics
29%
Aucun quiz correspondant
Distribution des résultats
% des personnes avec chaque résultat
Percentile par nombre de réponses
Votre historique - résultats
Vous n’avez pas pris ce quiz